000 00254nam a2200109Ia 4500
008 190216s9999||||xx |||||||||||||| ||und||
100 _aBahl Jc
245 0 _aEssentials Of Physical Chemistry
260 _bS Chand & Co
_c1976
300 _a710p
942 _cBK
999 _c2019
_d2019